近畿学生野球連盟出身の現役選手(2026) - Statistics

General Stats
  • This quiz has been taken 6 times
  • The average score is 4 of 5
Answer Stats
大学名 現所属 ポジション 選手名 % Correct
大阪観光 広島 外野手 久保修
100%
奈良学園 ヤクルト 内野手 宮本丈
83%
大阪観光* 中日 外野手 尾田剛樹
83%
太成学院* ロッテ 投手 大聖
67%
大阪市立* 楽天 投手 九谷瑠
50%
No matching quizzes found
Score Distribution
Percent of People with Each Score
Percentile by Number Answered
Your Score History
You have not taken this quiz